| 000 | 01283nam0a2200349 4500 | ||
|---|---|---|---|
| 001 | RU\NLR\bibl\169632 | ||
| 005 | 20260406144629.0 | ||
| 010 |
_a5-267-00421-9 _910000 |
||
| 021 |
_aRU _b2001-16762 _9776 |
||
| 035 | _a(NLR Aleph) 000166426 | ||
| 090 |
_a958179 _c958179 |
||
| 100 | _a20010622d2000 |||y0rusy50 ca | ||
| 101 | 0 | _arus | |
| 102 | _aRU | ||
| 105 | _ay ||||||||| | ||
| 200 | 1 |
_aИстория одного города _fМихаил Салтыков (Щедрин) _g[Вступ. ст. Е. Н. Грачевой, Коммент. Е. Н. Грачевой, А. В. Вострикова] |
|
| 210 |
_aСПб. _cАзбука _d2000 |
||
| 215 |
_a347,[1] с. _d18 |
||
| 225 | 1 | _aАзбука-классика | |
| 320 | _aБиблиогр. в примеч.: с. 343-346 | ||
| 675 |
_a821.161.1-31Салтыков-Щедрин _v3 _zrus |
||
| 686 |
_a17.82 _2rugasnti |
||
| 686 |
_a84(2Рос=Рус)1-44 _2rubbk |
||
| 686 | _aШ6(2=Р)52-4 | ||
| 700 | 1 |
_4070 _8rus _7ca _aСалтыков-Щедрин _bМ. Е. _f1826-1889 _gМихаил Евграфович _3RU\NLR\auth\774332 _9114313 |
|
| 801 | 0 |
_aRU _bRKP _c20010622 _gPSBO |
|
| 801 | 1 |
_aRU _bRKP _c20010622 |
|
| 801 | 2 |
_aRU _bNLR _c20010813 _grcr |
|
| 942 | _cBOOK | ||
| 980 | _aNB | ||